[Event "ARG-ch Amateur U2000"]
[Site "San Martin"]
[Date "2019.11.17"]
[Round "6.1"]
[White "Zaidman, Ivan"]
[Black "Soria Milet, Facundo"]
[Result "1/2-1/2"]
[WhiteElo "1894"]
[BlackElo "1980"]
[PlyCount "75"]
[EventDate "2019.11.15"]
[EventType "swiss"]
[EventRounds "8"]
[EventCountry "ARG"]
[SourceTitle "EXT 2024"]
[Source "ChessBase"]
[SourceDate "2023.10.10"]
[SourceVersion "1"]
[SourceVersionDate "2023.10.10"]
[SourceQuality "1"]

1. d4 f5 2. Nf3 Nf6 3. c4 d6 4. Nc3 g6 5. Bf4 Bg7 6. e3 0-0 7. h3 Nc6 8. Bh2 e6 9. Rc1 Ne4 10. Be2 Nxc3 11. Rxc3 e5 12. 0-0 Qe7 13. Re1 h6 14. Rc1 Nd8 15. c5 Nf7 16. cxd6 cxd6 17. dxe5 dxe5 18. Qc2 Be6 19. Bc4 Rac8 20. Qb3 Bxc4 21. Rxc4 Rxc4 22. Qxc4 Rd8 23. Rc1 Rd7 24. a3 Kh7 25. Qc2 Qd8 26. e4 f4 27. g3 fxg3 28. Bxg3 Rd3 29. Kg2 a5 30. Bh4 g5 31. Bg3 b6 32. Qc4 Qd7 33. Qc6 Qxc6 34. Rxc6 Rd6 35. Rc7 Kg6 36. b4 Rd3 37. Rc6+ Rd6 38. Rc7 1/2-1/2

[Event "ARG-ch U2000"]
[Site "Tacuari"]
[Date "2018.11.17"]
[Round "4"]
[White "Zaidman, Ivan"]
[Black "Lingiardi, Oscar"]
[Result "1-0"]
[WhiteElo "1952"]
[BlackElo "1864"]
[PlyCount "105"]
[EventDate "2018.11.16"]
[EventType "swiss"]
[EventRounds "8"]
[EventCountry "ARG"]
[SourceTitle "EXT 2020"]
[Source "ChessBase"]
[SourceDate "2019.10.17"]
[SourceVersion "1"]
[SourceVersionDate "2019.10.17"]
[SourceQuality "1"]

1. d4 Nf6 2. Nf3 d5 3. c4 e6 4. Nc3 Be7 5. Bg5 0-0 6. e3 c6 7. Bd3 Nbd7 8. 0-0 dxc4 9. Bxc4 Nd5 10. Bxe7 Qxe7 11. Rc1 N5f6 12. Re1 Rd8 13. Qb3 b6 14. e4 Bb7 15. d5 Nc5 16. Qd1 b5 17. Bf1 b4 18. Na4 Ncxe4 19. Qd4 exd5 20. Ne5 Qc7 21. f3 Ng5 22. Qxb4 Ne6 23. Qd2 Rac8 24. b4 Qd6 25. Nd3 Ba6 26. Ndc5 Bxf1 27. Nb7 Qd7 28. Nxd8 Rxd8 29. Rxf1 Ne8 30. Nc5 Nxc5 31. Rxc5 Nd6 32. Rd1 Qb7 33. Rdc1 Qb6 34. Kh1 Nc4 35. Qc3 Rb8 36. a3 a5 37. h3 h6 38. Re1 axb4 39. axb4 Ra8 40. Re7 Kf8 41. Qe1 Nb2 42. Ra5 Qd8 43. Raa7 Rxa7 44. Rxa7 Nc4 45. Qf2 d4 46. Qa2 Qd5 47. Qe2 Ne3 48. Qd3 Qg5 49. Ra8+ Ke7 50. Qe4+ Kf6 51. Qxd4+ Kg6 52. Ra2 Nf5 53. Qg4 1-0

[Event "ARG-ch sf"]
[Site "La Banda"]
[Date "2017.01.15"]
[Round "6"]
[White "Suarez, Mauricio Josue"]
[Black "Zaidman, Ivan"]
[Result "1/2-1/2"]
[WhiteElo "1959"]
[BlackElo "1935"]
[PlyCount "59"]
[EventDate "2017.01.14"]
[EventType "swiss"]
[EventRounds "6"]
[EventCountry "ARG"]
[SourceTitle "CBM 176 Extra"]
[Source "ChessBase"]
[SourceDate "2017.03.02"]
[SourceVersion "1"]
[SourceVersionDate "2017.03.02"]
[SourceQuality "1"]

1. e4 d5 2. exd5 Qxd5 3. Nc3 Qa5 4. d4 Nf6 5. Bc4 c6 6. Bb3 Bg4 7. Nge2 e6 8. 0-0 Bd6 9. f3 Bf5 10. Bf4 Bxf4 11. Nxf4 0-0 12. Qe2 Rd8 13. Rad1 b5 14. Kh1 Qb6 15. Qe3 Na6 16. Nce2 Nb4 17. c3 Nbd5 18. Nxd5 cxd5 19. a3 a5 20. Rc1 Rdc8 21. Qd2 Ne8 22. Bc2 Bxc2 23. Qxc2 Nd6 24. Nf4 Rc7 25. Nd3 Rac8 26. Qb3 a4 27. Qd1 Nb7 28. Qe2 Na5 29. Rce1 Nc4 30. Qf2 1/2-1/2

[Event "ARG-ch sf"]
[Site "La Banda"]
[Date "2017.01.14"]
[Round "2"]
[White "Onocko, Gabriel"]
[Black "Zaidman, Ivan"]
[Result "1-0"]
[WhiteElo "1987"]
[BlackElo "1935"]
[PlyCount "101"]
[EventDate "2017.01.14"]
[EventType "swiss"]
[EventRounds "6"]
[EventCountry "ARG"]
[SourceTitle "CBM 176 Extra"]
[Source "ChessBase"]
[SourceDate "2017.03.02"]
[SourceVersion "1"]
[SourceVersionDate "2017.03.02"]
[SourceQuality "1"]

1. e4 c5 2. Nf3 d6 3. d4 cxd4 4. Nxd4 Nf6 5. Nc3 g6 6. Be3 Bg7 7. f3 0-0 8. Qd2 Nc6 9. 0-0-0 Nxd4 10. Bxd4 Be6 11. Kb1 Rc8 12. h4 h5 13. Be2 Re8 14. g4 Qa5 15. a3 Red8 16. gxh5 Nxh5 17. Bxg7 Kxg7 18. Rhg1 Qe5 19. Rg5 Qf4 20. Qd4+ Kh6 21. Qxa7 Qxh4 22. Rb5 Rd7 23. Rxb7 Rxb7 24. Qxb7 Qf2 25. Ba6 Qxf3 26. Rf1 Qe3 27. Qb4 Rc5 28. Nd5 Qg3 29. Qd4 Qe5 30. Qxe5 dxe5 31. b4 Rc6 32. b5 Rd6 33. c4 Ng3 34. c5 Rd8 35. Re1 Nxe4 36. Rxe4 Rxd5 37. c6 Bf5 38. c7 Bxe4+ 39. Kb2 Rc5 40. c8Q Rxc8 41. Bxc8 f5 42. b6 f4 43. b7 Bxb7 44. Bxb7 g5 45. a4 g4 46. a5 f3 47. a6 f2 48. Bg2 e4 49. Kc3 Kg5 50. a7 Kf4 51. a8Q 1-0